Statistiques concernant Partis politiques de la coalition NUPES pour les législatives 2022

Cliquez ici pour prendre le quiz!

Statistiques générales

  • Ce quiz a été pris 134 fois
  • Le résultat moyen est 5 sur 15

Statistiques - réponses

Parti% Correct
La France Insoumise
98%
Parti Socialiste
97%
Europe Écologie Les Verts
94%
Parti communiste français
87%
Génération.s
43%
Parti de gauche
20%
Génération écologie
18%
Ensemble !
17%
Parti ouvrier indépendant
11%
Révolution écologique pour le vivant
10%
Les Nouveaux Démocrates
5%
Péyi-A
5%
Pour La Réunion
3%
Rézistan's Égalité 974
3%
Tavini huiraatira
3%

Distribution des résultats

Percentile par nombre de réponses

% des personnes avec chaque résultat

Votre développement - résultats

Vous n’avez pas pris ce quiz